000 02041cam a22004214i 4500
003 PE-LiUPU
005 20250731173252.0
008 150625s r 000 0 d
035 _a(Sirsi) a35620
040 _aPE-LiUPU
_bspa
_cPE-LiUPU
_erda
082 0 4 _a239
_bK73
_221
100 1 _aKologrivof, Ivon,
_eautor.
245 1 0 _aSuma catolica contra los sin Dios /
_cIvon Kologrivof.
264 1 _aEspaña :
_bLiturgica Española,
_c1943.
300 _a539 páginas ;
_c19 cm.
336 _atext
_2rdacontent
337 _aunmediated
_2rdamedia
338 _avolume
_2rdacarrier
505 0 _aLa existencia de Dios y el Ateismo proletario, por Blas Romeyer. -El mundo su origen y escritura ante la ciencia y la fe, por Antonio Romaña.-¿De dónde viene la vida?, por Félix Ruschkamp.-El transformismo ante la ciencia y la fe, por Luis Boule.-¿Hay un alma? (Ensayo de análisis de Psicología Contemporánea), por José Ternus.-El origen de la Religión, por Enrique de Lubac.-El problema de Cristo, por Enrique Fehner.- El cristianismo.-La religión y el progreso político y social, por Enrique du Pasage.-La religión y la crisis actual del capitalismo, por Andrés Arnon.-El materialismo dialéctico (Filosofía del proletariado), por Pedro de Bruin.-El movimiento de los Sindiós y su acción en el mundo(1917-1937), por Jaime Bivort de la Saudée.
526 _aSEG42
526 _aSEG41
526 _aSEG40
526 _aSEG39
526 _aP94
526 _aP87
526 _aP86
526 _aP85
526 _aP77
526 _aP76
526 _aP35
650 0 4 _aAteísmo.
_92097
910 _a
942 _2ddc
_cBOOK
949 _a239 K73
_wDEWEY
_c1
_i39102
_lCCODEBUL1
_mBUL
_p00.00
_r0
_sY
_tBOOK
_u2015-06-25
_xBIBLIOTECA
_zUNKNOWN
_0COMPRA
_o.STAFF. Colección General
596 _a1
999 _a239 K73
_wDEWEY
_c43605
_i39102
_f2021-11-11
_g5
_lCCODEBUL1
_mBUL
_r0
_sY
_tBOOK
_u2015-6-25
_xTEOLOGIA
_zUNKNOWN
_0COMPRA
_o.STAFF. Colección General
_d43605
980 _81
_gALBERTO SANCHEZ Responsable de Automatización